Pokémon - Last Two Letters Of One Are The First Two Letters Of The Next - 4 - Statistics

General Stats
  • This quiz has been taken 127 times
  • The average score is 13 of 18
Answer Stats
Gen Type 1 Type 2 Answer % Correct
3 Bug Ground Nincada
89%
5 Fire - Darumaka
85%
5 Electric Flying Emolga
85%
1 Water Poison Tentacruel
85%
5 Dragon Ice Kyurem
83%
5 Psychic Fire Victini
83%
6 Electric Fairy Dedenne
82%
4 Dragon Ground Gabite
82%
5 Bug - Karrablast
77%
4 Poison Dark Stunky
77%
1 Electric - Electrode
75%
3 Steel Fairy Mawile
70%
2 Bug Flying Ledyba
66%
1 Poison - Arbok
61%
3 Ground Water Barboach
61%
7 Fire Dark Incineroar
59%
7 Psychic - Necrozma
57%
6 Grass - Chespin
53%
No matching quizzes found
Score Distribution
Percent of People with Each Score
Percentile by Number Answered
Your Score History
You have not taken this quiz